| 000 | 00713nam a2200241Ia 4500 | ||
|---|---|---|---|
| 003 | OSt | ||
| 005 | 20220918223709.0 | ||
| 006 | a|||||r|||| 00| 0 | ||
| 007 | ta | ||
| 008 | 220917b |||||||| |||| 00| 0 eng d | ||
| 024 | _a224,810 | ||
| 037 | _cTextual | ||
| 040 |
_aARTS _cARTS _beng |
||
| 041 |
_2eng _aeng |
||
| 082 | _aO111972oa73:g, P5 | ||
| 100 |
_aMorrison Katherine L. _9146430 |
||
| 245 | 0 |
_aCanadians & Americans _b Ayths and literary traditions |
|
| 260 |
_aNew Brunswick _b(USA) Transaction Publishers _c2005 |
||
| 300 |
_axix, 328p. _ccm. |
||
| 650 | _aENGLISH LITERATURE | ||
| 942 |
_hO111972oa73:g, P5 _cTEXL _2CC |
||
| 999 |
_c279243 _d279243 |
||